000 00418nam a2200181Ia 4500
003 OSt
005 20260326150022.0
008 250729s2009 xx 000 0 und d
040 _cAL
041 _aeng
082 _a370.15 SANC
100 _aSandras Lobo
_9230581
245 _aCogmap
260 _aMangalore
_bSchool of Social Work
_c2009
300 _a146p
650 _aPsychology
_9230582
942 _2ddc
_cBED
999 _c238853
_d238853